1219 1935 1148 1999 1979 1100 1277 1582 1078 1955 1101 1915 1640 1270 1424 1901 1528 1628 1121 1323 1607 1214 1979 1585 1534 1671 1096 1712 1752 1823 1719 1819 1558 1924 1073 1780 1671 1564 1790 1707 1688 1959 1964 1521 1653 1892 1066 1619 1157 1304 1790 1911 1078 1110 1624 1192 1195 1097 1822 1874 1962 1846 1475 1652 1006 1864 1041 1256 1249 1989 1183 1186 1332 1537 1902 1628 1176 1890 1937 1284 1498 1739 1922 1660 1362 1044 1830 1925 1514 1315 1872 1278 1416 1699 1710 1296 1130 1748 1030 BCNSPRNW ULIB Ver.6.0+V

เปลี่ยนเป็นภาษาไทย

Change to English
 แสดงรายละเอียดบรรณานุกรม
  กลับหน้าหลัก

Brief Record : Get Marc (ISO 2709) : E-mail record : QR code < ปิดหน้าต่าง
LEADER : 00000nam 2200000uu 4500
001    13399122522
003     ULIB
008    130714s2551||||th 000 0 tha d
020    ^a9789748041995
060  4 ^aWU113.6^bบ638น
110    ^aกองทันตสาธารณสุข กรมอนามัย
245    ^aคู่มือการดูแลสุขภาพช่องปากแม่และเด็ก^cบรรณาธิการโดย จันทนา อึ้งชูศักดิ์
250    ^aพิมพ์ครั้งที่ 1
260    ^aนนทบุรี :^bสำนักงานกิจการโรงพิมพ์ องค์การสงเคราะห์ทหารผ่านศึก,^c2551
300    ^a138 หน้า
650    ^aสุขภาพช่องปาก^xเด็กปฐมวัย
710 1  ^aกองทันตสาธารณสุข กรมอนามัย
945    ^p0^l0^i19976
999    ^aเกษร โพธิ์สุวรรณ
รายการนี้ยังไม่มีแท็ก
คุณยังไม่ได้ล็อกอิน คุณสามารถมีกิจกรรมร่วมกับเว็บไซต์ได้ แต่ต้องล็อกอินก่อน ::
  ล็อกอิน

รายการสื่อสารสนเทศ

ลำดับที่ ประเภท เลขเรียก/บาร์โค้ด สถานที่ สถานะ
- ไม่พบข้อมูล -

BibComment


ยังไม่เคยถูกคอมเมนท์

คอมเมนท์ทรัพยากรรายการนี้
  คอมเมนท์: คู่มือการดูแลสุข..


 Copyright 2026. Bcnsprnw @Library